Library Banner

Two sisters and their mother : (Record no. 114620)

MARC details
000 -LEADER
fixed length control field 00680cam a22002174a 4500
001 - CONTROL NUMBER
control field 4509728
005 - DATE AND TIME OF LATEST TRANSACTION
control field 20191112110416.0
008 - FIXED-LENGTH DATA ELEMENTS--GENERAL INFORMATION
fixed length control field 981230s1999 nyua b 000 0 eng
020 ## - INTERNATIONAL STANDARD BOOK NUMBER
International Standard Book Number 0942299337 (cloth : acidfree paper)
020 ## - INTERNATIONAL STANDARD BOOK NUMBER
International Standard Book Number 0942299345 (paper : acidfree paper)
040 ## - CATALOGING SOURCE
Transcribing agency PK-LaUMT
082 00 - DEWEY DECIMAL CLASSIFICATION NUMBER
Classification number 306.877
Edition number 21
Item number HER-T
100 1# - MAIN ENTRY--PERSONAL NAME
Personal name Héritier, Françoise
245 10 - TITLE STATEMENT
Title Two sisters and their mother :
Remainder of title the anthropology of incest /
Statement of responsibility, etc by Françoise Héritier ; translated by Jeanine Herman
260 ## - PUBLICATION, DISTRIBUTION, ETC. (IMPRINT)
Place of publication, distribution, etc New York :
Name of publisher, distributor, etc Zone Books,
Date of publication, distribution, etc 1999
300 ## - PHYSICAL DESCRIPTION
Extent 341 p. :
Other physical details ill. ;
Dimensions 24 cm.
650 #0 - SUBJECT ADDED ENTRY--TOPICAL TERM
Topical term or geographic name as entry element Incest.
650 #0 - SUBJECT ADDED ENTRY--TOPICAL TERM
Topical term or geographic name as entry element Kinship.
650 #0 - SUBJECT ADDED ENTRY--TOPICAL TERM
Topical term or geographic name as entry element Consanguinity.
942 ## - ADDED ENTRY ELEMENTS (KOHA)
Koha item type Books
Holdings
Withdrawn status Lost status Damaged status Home library Current library Date acquired Full call number Barcode Date last seen Price effective from Koha item type
      UMT Main Campus UMT Main Campus 2019-11-12 306.877 HER-T 130473 2019-11-12 2019-11-12 Books